000 00242nam a2200109Ia 4500
008 200302s9999 xx 000 0 und d
100 _aJohn welsh
245 _aModern House
260 _bPhaidon Press Ltd.
260 _c1995
300 _a240 P.,
999 _c5463
_d5463